Грамматикэр. Едзыгъу 2: Синтаксыр (Запись № 11464498)

Подробности
000 -МАРКЕР
контрольное поле 01046nam2a2200229 4500
001 - ИДЕНТИФИКАТОР ЗАПИСИ
контрольное поле RU\NLR\BIBL_A\012329337
005 - ИДЕНТИФИКАТОР ВЕРСИИ
контрольное поле 20250624015827.0
035 ## - ДРУГИЕ СИСТЕМНЫЕ НОМЕРА
Идентификатор записи (NLR Aleph) 012329337
100 ## - ДАННЫЕ ОБЩЕЙ ОБРАБОТКИ
Данные общей обработки 20200909d1935 |||y0rusy50 ca
101 0# - ЯЗЫК РЕСУРСА
Язык текста, звукозаписи и т.д. адыгейский
102 ## - СТРАНА ПУБЛИКАЦИИ ИЛИ ПРОИЗВОДСТВА
Страна публикации Российская Федерация
105 ## - ПОЛЕ КОДИРОВАННЫХ ДАННЫХ: ТЕКСТОВЫЕ МАТЕРИАЛЫ, МОНОГРАФИЧЕСКИЕ
Кодированные данные о монографическом текстовом документе y j 000 y
200 1# - ЗАГЛАВИЕ И СВЕДЕНИЯ ОБ ОТВЕТСТВЕННОСТИ
Основное заглавие Синтаксыр
Сведения, относящиеся к заглавию еджепIэ гурытым щеджэнхэеу тхылъ
-- я 6-рэ классымрэ я 7-рэ классымрэ апай
210 ## - ПУБЛИКАЦИЯ, РАСПРОСТРАНЕНИЕ И ДР.
Дата издания, распространения и т.д. 1935
Место издания, распространения и т.д. Б. м.
215 ## - ФИЗИЧЕСКАЯ ХАРАКТЕРИСТИКА
Специфическое обозначение материала и объем 64,[2] с.
461 #0 - УРОВЕНЬ НАБОРА
Встроенное поле 001RU\NLR\BIBL_A\012329335
-- 2001#$aГрамматикэр$fIашъхьэмафэ Д.$vЕдзыгъу 2
-- 700#1$aIашъхьэмаф$bД.$f1897-1946$gДауд$4070
Системный номер (АБИС) связанной записи 11464487
Автор Iашъхьэмаф, Д. (1897-1946)
Место публикации Краснодар
Дата публикации 1934-1935
Первые сведения об ответственности Iашъхьэмафэ Д.
Имя издателя, распространителя и т.д. Адыгэхэкутхылътедз
Заглавие Грамматикэр
Номер тома Едзыгъу 2
852 ## - МЕСТОНАХОЖДЕНИЕ И ШИФР ХРАНЕНИЯ
Идентификатор организации NLR
Наименование фонда или коллекции (Sub-Location Identifier) ОНЛ
Шифр хранения (Call Number) Адыг./3-149
852 ## - МЕСТОНАХОЖДЕНИЕ И ШИФР ХРАНЕНИЯ
Идентификатор организации NLR
Наименование фонда или коллекции (Sub-Location Identifier) ОНЛ
Шифр хранения (Call Number) Адыг./3-149
942 ## - ДОПОЛНИТЕЛЬНЫЕ ЭЛЕМЕНТЫ ЗАПИСИ (АБИС)
Тип экземпляра АБИС Книга
980 ## - КОЛЛЕКЦИЯ
Название коллекции Национальная библиография
Экземпляры
Тип экземпляра Дата поступления Библиотека постоянного хранения Библиотека текущего хранения Место хранения Шифр хранения Штрих-код Статус экземпляра
Книга 09.09.2020 РНБ (Московский) РНБ (Московский) Фонд национальных литератур ОНЛ Адыг./3-149 1-2425164  
Книга 09.09.2020 РНБ (Московский) РНБ (Московский) Фонд национальных литератур ОНЛ Адыг./3-149 1-2425165